000 00589nam a2200205 4500
001 120650
003 ES-MaACL
005 20240528121525.0
007 t|
008 070214s1973 sp r ||||1| spa d
100 1 _aPozzi, Antonia.
_993559
245 1 0 _aAntología poética /
_cAntonia Pozzi ; versión de Mariano Roldán.
250 _a1ª ed.
260 _aBarcelona :
_bPlaza Janés,
_c1973.
300 _a206 p. ;
_c19 cm.
500 _aTexto bilingüe.
700 0 _aRoldán, Mariano,
_d1932-2019
_999139
852 _aES-MaACL
_jC-53475
_bR.86501
999 _c120650
_d120650